Concept formation and knowledge revision /
Guardado en:
| Autor Principal: | |
|---|---|
| Formato: | Libro |
| Idioma: | English |
| Publicado: |
Dordrecht ; Boston :
Kluwer Academic Publishers,
c1994.
|
| Materias: | |
| Etiquetas: |
Agregar Etiqueta
Sin Etiquetas, Sea el primero en etiquetar este registro!
|
| LEADER | 00754pam a2200217 a 4500 | ||
|---|---|---|---|
| 001 | DCC.dcic000749 | ||
| 008 | 940804s1994####ne#a#####b####001#0#eng## | ||
| 005 | 20151124151542.0 | ||
| 245 | 1 | 0 | |a Concept formation and knowledge revision / |c by Stefan Wrobel. |
| 260 | |a Dordrecht ; |a Boston : |b Kluwer Academic Publishers, |c c1994. | ||
| 300 | |a xiv, 240 p. : |b il. ; |c 25 cm. | ||
| 504 | |a Incluye referencias bibliográficas (p. 211-230) e índice. | ||
| 020 | |a 079239500X (hard : alk. paper) | ||
| 100 | 1 | |a Wrobel, Stefan. | |
| 082 | 0 | 0 | |a 006.3/1 |2 20 |
| 650 | 0 | |a Conceptual structures (Information theory) | |
| 650 | 0 | |a Artificial intelligence. | |
| 010 | |a 94032968 | ||
| 040 | |a DLC |c DLC |d DLC | ||
| 050 | 0 | 0 | |a Q387.2 |b .W76 1994 |
| 859 | |a DCIC |b BIB. COMPUTACION |p 1104 | ||
